[Event "Catalunya Club op"]
[Site "Spain"]
[Date "1999.??.??"]
[Round "?"]
[White "Severri Arrese, Carlos"]
[Black "Piqueras Mateo, Pere"]
[Result "1/2-1/2"]
[WhiteElo "2140"]
[BlackElo "1990"]
[PlyCount "106"]
[EventDate "1999.??.??"]
[EventType "swiss"]
[EventRounds "9"]
[EventCountry "ESP"]
[SourceTitle "EXT 2000"]
[Source "ChessBase"]
[SourceDate "1999.11.16"]
[SourceVersion "1"]
[SourceVersionDate "1999.11.16"]
[SourceQuality "1"]

1. e4 e5 2. Nf3 Nf6 3. d4 Nxe4 4. dxe5 d5 5. Bd3 Bg4 6. Bxe4 dxe4 7. Qxd8+ Kxd8 8. Ng5 Bh5 9. Nc3 Bb4 10. Ngxe4 Bg6 11. Bg5+ Kc8 12. 0-0-0 Nc6 13. f4 b6 14. g4 h6 15. Bh4 Re8 16. Rhe1 Bxe4 17. Rxe4 g5 18. fxg5 hxg5 19. Bxg5 Rxe5 20. Rxe5 Nxe5 21. Rd8+ Kb7 22. Rxa8 Kxa8 23. Nd5 Bd6 24. h3 Kb7 25. Kd1 Kc6 26. Nf6 Nf3 27. Bc1 Bg3 28. Ke2 Ng1+ 29. Kf1 Nxh3 30. Kg2 Bf4 31. Bxf4 Nxf4+ 32. Kf3 Ne6 33. Ke4 Kd6 34. b4 a5 35. a3 axb4 36. axb4 c6 37. c3 b5 38. Kf5 Ke7 39. Ke5 Nc7 40. Ng8+ Kf8 41. Kd6 Nd5 42. Kxc6 Nxc3 43. Nf6 Kg7 44. Nd5 Nxd5 45. Kxd5 Kf6 46. Kc5 Kg5 47. Kxb5 Kxg4 48. Kc4 f5 49. Kd3 f4 50. b5 f3 51. Ke3 Kg3 52. b6 Kg2 53. b7 f2 1/2-1/2